|
|
|
|
| LEADER |
00000nab a2200000 a 4500 |
| 001 |
vtls009184254 |
| 003 |
SK-MaSNL |
| 005 |
20260304153944.0 |
| 008 |
250507c1965 xo |r|p|||||||000 b|slo |
| 015 |
|
|
|a SNBRB2008/02
|2 snkbucl
|
| 035 |
|
|
|a (uuid)82484dce-cfd1-4df3-8695-5742332a5f7c
|
| 035 |
|
|
|a urn:nbn:sk:snk-abc35a
|
| 035 |
|
|
|a (urnnbn)urn:nbn:sk:snk:ar-002tmv
|
| 038 |
|
|
|a SNKBUCL
|
| 040 |
|
|
|a SNKBUCL
|b slo
|c SNKBUCL
|e AACR2
|
| 041 |
0 |
|
|a slo
|
| 044 |
|
|
|a xo
|c SK
|
| 080 |
|
|
|a 811.162.4'373
|2 2001
|
| 080 |
|
|
|a 81'374.3:811.162.4
|2 2001
|
| 080 |
|
|
|a 811.162.4'374.81
|2 2001
|
| 080 |
|
|
|a 811.162.4'374.3
|2 2001
|
| 100 |
1 |
|
|a Peciar, Štefan,
|d 1912-1989
|4 aut
|9 101102
|
| 245 |
1 |
0 |
|a O výbere a hodnotení slov v Slovníku slovenského jazyka
|c Štefan Peciar
|
| 504 |
|
|
|a Bibliogr. odkazy v poznámkach
|
| 630 |
0 |
7 |
|a Slovník slovenského jazyka
|2 snkbucl
|9 1032604
|
| 650 |
0 |
7 |
|a slovenčina
|2 SNKPH
|9 1350
|
| 650 |
0 |
7 |
|a slovná zásoba
|2 SNKPH
|9 66837
|
| 650 |
0 |
7 |
|a slovníky
|2 SNKPH
|9 75778
|
| 773 |
0 |
|
|t Slovenská reč
|g Roč. 30, č. 2 (1965), s. 101-109
|
| 850 |
|
|
|a Slovenská národná knižnica
|
| 852 |
|
|
|a Slovenská národná knižnica
|
| 954 |
|
|
|a odborná, vedecká literatúra pôvodná (slovenská)
|2 lita
|
| 958 |
|
|
|a article15
|
| 958 |
|
|
|a OND
|
| 958 |
|
|
|a NB
|
| 958 |
|
|
|a EUIPO
|
| 999 |
|
|
|c 2955679
|d 2957609
|